Currency crises in search of common elements
Guardado en:
| Autor principal: | |
|---|---|
| Otros Autores: | , |
| Formato: | Libro |
| Lenguaje: | inglés |
| Publicado: |
Washington
International Monetary Fund
2000
|
| Colección: | IMF Working Paper
WP/00/67 |
| Materias: | |
| Etiquetas: |
Sin Etiquetas, Sea el primero en etiquetar este registro!
|
MARC
| LEADER | 00000nam a2200000 4500 | ||
|---|---|---|---|
| 001 | c124213 | ||
| 005 | 20221221081931.2 | ||
| 041 | 0 | |a eng | |
| 044 | |a US | ||
| 245 | 1 | 0 | |a Currency crises |b in search of common elements |c Jahangir Aziz, Francesco Caramazza and Ranil Salgado |
| 264 | 1 | |a Washington |b International Monetary Fund |c 2000 | |
| 300 | |a 55 s. | ||
| 490 | 1 | |a IMF Working Paper |v WP/00/67 | |
| 830 | 0 | |a IMF Working Paper |v WP/00/67 | |
| 610 | 2 | 0 | |a kríza menová |
| 610 | 2 | 0 | |a kríza finančná |
| 610 | 2 | 0 | |a kríza banková |
| 610 | 2 | 0 | |a kríza hospodárska |
| 100 | 1 | |a Aziz, Jahangir | |
| 700 | 1 | |a Caramazza, Francesco | |
| 700 | 1 | |a Salgado, Ranil | |